Lakers Players by Picture - Statistics

General Stats
  • This quiz has been taken 16 times
  • The average score is 9 of 20
Answer Stats
Picture Answer % Correct
Lamar Odom
100%
Bronny James
93%
Jeremy Lin
93%
JR Smith
80%
Robert Horry
80%
JaVale McGee
67%
Jordan Clarkson
47%
Max Christie
47%
Ivica Zubac
40%
Trevor Ariza
40%
Caron Butler
33%
Christian Wood
33%
Kwame Brown
33%
Shannon Brown
33%
Jordan Farmar
20%
Stanley Johnson
20%
Alex Len
13%
Kent Bazemore
13%
Juan Toscano Anderson
7%
Shake Milton
7%
No matching quizzes found
Score Distribution
Percent of People with Each Score
Percentile by Number Answered
Your Score History
You have not taken this quiz